Online
Catalog

Revista criminológica universitaria / (Record no. 57937)

MARC details
000 -CABECERA
campo de control de longitud fija 00923nas a2200205 a 4500
005 - FECHA Y HORA DE LA ÚLTIMA TRANSACCIÓN
campo de control 20260205113240.0
007 - CAMPO FIJO DE DESCRIPCIÓN FÍSICA--INFORMACIÓN GENERAL
campo de control de longitud fija ta
008 - DATOS DE LONGITUD FIJA--INFORMACIÓN GENERAL
campo de control de longitud fija 241025e2001 dr f||||r||||||0| 0 spa d
040 ## - FUENTE DE LA CATALOGACIÓN
Centro catalogador/agencia de origen DO-SdBNP
Centro/agencia transcriptor BNPHU
Normas de descripción rda
041 ## - CÓDIGO DE LENGUA
Código de lengua original spa
110 ## - ENTRADA PRINCIPAL--NOMBRE DE ENTIDAD CORPORATIVA
Nombre de entidad corporativa o nombre de jurisdicción como elemento de entrada Universidad Autónoma de Santo Domingo (UASD)
9 (RLIN) 84760
Unidad subordinada Facultad de Ciencias Jurídicas y Políticas.
-- Instituto de Criminología.
245 ## - MENCIÓN DE TÍTULO
Título Revista criminológica universitaria /
Mención de responsabilidad, etc. Instituto de Criminología.
260 ## - PUBLICACIÓN, DISTRIBUCIÓN, ETC.
Lugar de publicación, distribución, etc. Santo Domingo, República Dominicana :
Nombre del editor, distribuidor, etc. Facultad de Ciencias Jurídicas y Políticas,
Fecha de publicación, distribución, etc. 2001.
300 ## - DESCRIPCIÓN FÍSICA
Extensión volumen :
Otras características físicas ilustraciones, fotografías ;
Dimensiones 27 cm.
500 ## - NOTA GENERAL
Nota general Revista de Divulgación Científica, RCU. Primer Semestre 2001.
500 ## - NOTA GENERAL
Nota general Donado por: Rubén Caba.
650 #0 - PUNTO DE ACCESO ADICIONAL DE MATERIA--TÉRMINO DE MATERIA
Término de materia o nombre geográfico como elemento de entrada Criminología
Subdivisión de forma Publicaciones periódicas
9 (RLIN) 17089
710 ## - PUNTO DE ACCESO ADICIONAL--NOMBRE DE ENTIDAD CORPORATIVA
Nombre de entidad corporativa o nombre de jurisdicción como elemento de entrada Facultad de Ciencias Jurídicas y Políticas
9 (RLIN) 86763
Unidad subordinada Instituto de Criminología
942 ## - ELEMENTOS DE PUNTO DE ACCESO ADICIONAL (KOHA)
Fuente del sistema de clasificación o colocación Dewey Decimal Classification
Tipo de ítem Koha Publicación periódica
Holdings
Estado de retiro Estado de pérdida Fuente del sistema de clasificación o colocación Estado dañado Restricciones de uso No para préstamo Código de colección Localización permanente Ubicación/localización actual Fecha de adquisición Enumeración/cronología de publicación seriada Total de préstamos Código de barras Fecha visto por última vez Número de copia Precio válido a partir de Tipo de ítem Koha
    Dewey Decimal Classification   Préstamo en sala   Hemeroteca Biblioteca Nacional Pedro Henríquez Ureña Biblioteca Nacional Pedro Henríquez Ureña 25.10.2024 Volumen 1. No. 2. 2001   2024-6121 25.10.2024 e.1 25.10.2024 Publicación periódica

Powered by Koha